| 000 | 00537cam a22001817a 4500 | ||
|---|---|---|---|
| 008 | 180718b2004 xxu||||| |||| 00| 0 eng d | ||
| 020 | _a8185040834 | ||
| 082 | _aT19x54 D354 | ||
| 100 | _aDebroy, Bibek | ||
| 245 |
_aIndia: the political economy of reforms _cedited by Bibek Debroy and Rahul Mukherji |
||
| 260 |
_aNew Delhi _bBookwell _c2004 |
||
| 300 | _a395p. | ||
| 650 | _aPoverty - India | ||
| 650 | _aLiberalization | ||
| 650 | _aEconomic reforms - India | ||
| 650 | _aIndia - Economic conditions | ||
| 700 | _aMukherji, Rahul | ||
| 999 |
_c402740 _d402740 |
||